ARRUPE JESUIT UNIVERSITY

CORONAVIRUS -STOP THE SPREAD - CLEAN,DISINFECT,COVER

The complete poetry of Ben Jonson / (Record no. 130108)

MARC details
000 -LEADER
fixed length control field 00974cam a2200289 i 4500
001 - CONTROL NUMBER
control field 4647896
003 - CONTROL NUMBER IDENTIFIER
control field ARRUPE
005 - DATE AND TIME OF LATEST TRANSACTION
control field 20191204094437.0
008 - FIXED-LENGTH DATA ELEMENTS--GENERAL INFORMATION
fixed length control field 790329t19681963nyu b 001 0 eng
010 ## - LIBRARY OF CONGRESS CONTROL NUMBER
LC control number 79101152
020 ## - INTERNATIONAL STANDARD BOOK NUMBER
International Standard Book Number 0393004368 :
Terms of availability $5.95
040 ## - CATALOGING SOURCE
Original cataloging agency DLC
Transcribing agency DLC
Modifying agency DLC
050 00 - LIBRARY OF CONGRESS CALL NUMBER
Classification number PR2625.A3
Item number H8 1968
082 00 - DEWEY DECIMAL CLASSIFICATION NUMBER
Classification number 821/.3
300 ## - PHYSICAL DESCRIPTION
Dimensions 20 cm.
100 1# - MAIN ENTRY--PERSONAL NAME
Personal name Jonson, Ben,
Dates associated with a name 1573?-1637.
9 (RLIN) 48876
245 04 - TITLE STATEMENT
Title The complete poetry of Ben Jonson /
Statement of responsibility, etc edited with an introd., notes, and variants by William B. Hunter, Jr.
260 ## - PUBLICATION, DISTRIBUTION, ETC. (IMPRINT)
Place of publication, distribution, etc New York :
Name of publisher, distributor, etc W. W. Norton,
Date of publication, distribution, etc 1968, c1963.
300 ## - PHYSICAL DESCRIPTION
Extent 494 p. ;
490 0# - SERIES STATEMENT
Series statement The Norton library seventeenth-century series
500 ## - GENERAL NOTE
General note Includes music.
500 ## - GENERAL NOTE
General note Includes indexes.
504 ## - BIBLIOGRAPHY, ETC. NOTE
Bibliography, etc Bibliography: p. [475]-476.
650 #0 - SUBJECT ADDED ENTRY--TOPICAL TERM
Topical term or geographic name as entry element Civilization, Modern
Chronological subdivision 17th century
General subdivision Poetry.
9 (RLIN) 48877
700 1# - ADDED ENTRY--PERSONAL NAME
Personal name Hunter, William Bridges,
Dates associated with a name 1915-
9 (RLIN) 48878
906 ## - LOCAL DATA ELEMENT F, LDF (RLIN)
a 7
b cbc
c orignew
d 2
e ncip
f 19
g y-gencatlg
942 ## - ADDED ENTRY ELEMENTS (KOHA)
Source of classification or shelving scheme Library of Congress Classification
Koha item type Monograph ( Printed materials)
Holdings
Withdrawn status Lost status Source of classification or shelving scheme Damaged status Not for loan Collection code Home library Current library Shelving location Date acquired Total Checkouts Full call number Barcode Date last seen Price effective from Koha item type
    Library of Congress Classification     Main Collection ARRUPE LIBRARY ARRUPE LIBRARY Main Collection 04/12/2019   PR2625.A3 H8 1968 46600006123 04/12/2019 04/12/2019 Monograph ( Printed materials)

 

Arrupe Library. PO Box MP320 Mt Pleasant, Harare, Zimbabwe
263 242 745411|librarian@aju.ac.zw